000 00460nam a2200169 i 4500
001 bg
245 0 _aEncyklopedia Rewolucji Październikowej /
_cred. nauk. Ludwik Bazylow, Jan Sobczak.
250 _a[Wyd.2].
260 _aWarszawa,
_c1987.
700 1 _aBazylow, Ludwik.
_eRed.
700 1 _aSobczak, Jan.
_eRed.
040 _cBPK
041 _apol
080 _a947+957:323.7(47+57)]"19"(03)
942 _cKS
008 s pl f |000 0 pol
999 _c23636
_d23636
856 _uhttp://koha.tu.koszalin.pl/cgi-bin/koha/opac-detail.pl?biblionumber=23636
_yKatalog online BPK